000 00337nam a22001217a 4500
008 160520b xxu||||| |||| 00| 0 eng d
020 _a9780072920031
020 _a0072920033
041 _aeng
080 _a577
245 _aGeneral organic and biochemistry:
_cKatherine J. Denniston; Joseph J.Topping; Robert L. Caret;
942 _2udc
_cBK
999 _c2330
_d2330